| 000 | 00459nam a22001817a 4500 | ||
|---|---|---|---|
| 003 | MPLRDC | ||
| 005 | 20220104185822.0 | ||
| 008 | 210129b ||||| |||| 00| 0 eng d | ||
| 020 | _a967-5413-64-3 | ||
| 082 | _a719.72 NXC | ||
| 100 | _a农晓诚 | ||
| 245 |
_a纽西兰273天打工旅行 _c |
||
| 250 | _a初版 | ||
| 260 |
_a马来西亚 _b海滨出版(马)有限公司 _c2010 |
||
| 300 | _b平 | ||
| 650 | _a纽西兰游记 | ||
| 942 |
_cBK _o719.72 NXC |
||
| 999 |
_c63496 _d63486 |
||